000 00961nam a2200217Ia 4500
001 459
003 GE_BSU
008 181216s||||||||xx |||||||||||||| ||und||
020 _a9992848103
040 _cGE_BSU
080 _a004.41
100 _aდევაძე,დ; ხინიკაძე,თ; სურმანიძე,ზ.
245 _aპერსონალური კომპიუტერის ტექნიკური და პროგრამული უზრუნველყოფის საფუძვლები
260 _aბათუმი
260 _bბათუმის უნივერსიტეტი
260 _c1999
300 _a404გვ.
541 _h20ლ.
653 _aპერსონალური კომპიუტერის ტექნიკური და პროგრამული უზრუნველყოფის საფუძვლები
942 _cBK
999 _c34675
_d34675